000 00281nam a2200109Ia 4500
008 220120s9999||||xx |||||||||||||| ||und||
100 _aPraveen Kestoor
245 0 _aApplied Thermodynamics
260 _aSuggi publication
_bNew Delhi
300 _a572p.
_b0
650 _aGENERAL BOOKS
999 _c137361
_d137361